Ekonomické aspekty využitia majetku pri podnikateľskej činnosti regionálnych samospráv v SR

Majetok ako základný predpoklad podnikateľskej činnosti. Podnikateľská činnosť ako jedna z možností získavania doplnkových zdrojov. Korelačná matica vzájomných vzťahov.

Salvato in:
Dettagli Bibliografici
Autore principale: Vaľovská, Zlata
Altri autori: Sedláková, Slavka
Natura: Capitolo di libro
Lingua:slovacco
Soggetti:
Tags: Aggiungi Tag
Nessun Tag, puoi essere il primo ad aggiungerne!!

MARC

LEADER 00000naa a2200000 4500
001 0197196
005 20220504100437.9
041 0 |a slo 
044 |a SK 
245 1 0 |a Ekonomické aspekty využitia majetku pri podnikateľskej činnosti regionálnych samospráv v SR  |c Zlata Vaľovská, Slavka Sedláková 
520 |a Majetok ako základný predpoklad podnikateľskej činnosti. Podnikateľská činnosť ako jedna z možností získavania doplnkových zdrojov. Korelačná matica vzájomných vzťahov. 
610 2 0 |a samospráva 
610 2 0 |a Slovensko 
610 2 0 |a rozvoj územný 
610 2 0 |a majetok 
100 1 |a Vaľovská, Zlata 
700 1 |a Sedláková, Slavka